1230 1685 1004 1612 1763 1052 1488 1793 1425 1402 1351 1878 1183 1250 1647 1801 1109 1883 1961 1030 1524 1030 1227 1862 1599 1173 1755 1144 1248 1863 1548 1773 1148 1771 1149 1833 1886 1685 1687 1764 1809 1235 1990 1502 1775 1131 1028 1981 1559 1286 1554 1381 1982 1551 1613 1954 1252 1986 1569 1479 1853 1668 1514 1058 1400 1782 1462 1392 1229 1111 1257 1264 1253 1752 1737 1167 1841 1471 1483 1429 1873 1836 1373 1778 1171 1445 1954 1940 1959 1030 1922 1285 1031 1118 1285 1397 1757 1493 1461 BCNSPRNW ULIB Ver.6.0+V

เปลี่ยนเป็นภาษาไทย

Change to English
 แสดงรายละเอียดบรรณานุกรม
  กลับหน้าหลัก

Brief Record : Get Marc (ISO 2709) : E-mail record : QR code < ปิดหน้าต่าง
LEADER : 00000nam 2200000uu 4500
001    13399121980
003     ULIB
008    121218s2553||||th 000 0 tha d
020    ^a9789740326199
060  4 ^aWL385^bก491 2553
245 00 ^aการผ่าตัดโรคลมชัก =^bTextbook of epilepsy surgery / ^cธีรเดช ศรีกิจไพศาล, บรรณาธิการ
246 31 ^aTextbook of epilepsy surgery
250    ^aพิมพ์ครั้งที่ 1
260    ^aกรุงเทพฯ :^bโรงพิมพ์แห่งจุฬาลงกรณ์มหาวิทยาลัย,^c2553
300    ^aix, 508 หน้า :^bภาพประกอบ ;^c26 ซม
650  7 ^aลมบ้าหมู
650  7 ^aการชัก
650  7 ^aลมบ้าหมู^xการรักษา
700 0  ^aธีรเดช ศรีกิจไพศาล
945    ^p700^l0^i16810
945    ^p700^l0^i16811
995    ^aทศพร
999    ^aทศพร เกษรทอง
รายการนี้ยังไม่มีแท็ก
คุณยังไม่ได้ล็อกอิน คุณสามารถมีกิจกรรมร่วมกับเว็บไซต์ได้ แต่ต้องล็อกอินก่อน ::
  ล็อกอิน

รายการสื่อสารสนเทศ

ลำดับที่ ประเภท เลขเรียก/บาร์โค้ด สถานที่ สถานะ
1. วิทยาศาสตร์การแพทย์ และสุขภาพ
วิทยาศาสตร์การแพทย์ และสุขภาพ
สถานะ=หนังสือเก่า
WL385 ก491 2553 ฉ.1 
  Barcode: 16810
ห้องสมุดวิทยาเขตนครสวรรค์
►ส่วนจัดเก็บหนังสือเก่า นว.
บนชั้น
  ขอยืม
2. วิทยาศาสตร์การแพทย์ และสุขภาพ
วิทยาศาสตร์การแพทย์ และสุขภาพ
สถานะ=หนังสือเก่า
WL385 ก491 2553 ฉ.2 
  Barcode: 16811
ห้องสมุดวิทยาเขตนครสวรรค์
►ส่วนจัดเก็บหนังสือเก่า นว.
บนชั้น
  ขอยืม

รายการใกล้เคียง
    หัวเรื่อง [ลมบ้าหมู]
    หัวเรื่อง [การชัก]

BibComment


ยังไม่เคยถูกคอมเมนท์

คอมเมนท์ทรัพยากรรายการนี้
  คอมเมนท์: การผ่าตัดโรคลมชั..


 Copyright 2026. Bcnsprnw @Library